• 首页
  • 本馆介绍
  • 公告通知
  • 最新文献
  • 馆藏检索
  • 电子资源
  • 读者导购
  • 参考咨询
  • 我的图书馆
  • 登录
  • 详细信息显示
  • 放入我的书架
  • 预约/预借图书
  • 作者相关作品
  • 分类相关作品
  • 丛书相关作品
  • 出版社相关作品

书目信息

  • 表格格式
  • 工作单格式
  • 卡片格式
题名:
慢性肾盂肾炎的中西医诊断与治疗
    
 
作者: 赵宗江 , 刘铜华 , 刘铜华 主编
分册:  
出版信息: 北京   中国医药科技出版社  1999
页数: 183页
开本: 19cm
丛书名: 中西医诊断与治疗丛书
单 册:
中图分类: R692.7
科图分类:
主题词: 中西医结合疗法--慢性病--肾盂肾炎 , 肾盂肾炎--慢性病--中西医结合疗法 , 慢性病--肾盂肾炎--中西医结合疗法
电子资源:
ISBN: 7-5067-2127-9
000 01246nam0 2200361 450
000 01211nam0 2200349 450
000 01174nam0 2200337 450
000 01067nam0 2200325 450
000 01030nam0 2200313 450
000 00963oam2 2200289 450
001 0104000024
005 20061016090815.64
010    @a7-5067-2127-9@dCNY10.00
100    @a20051124d1999 em y0chiy0110 ea
101 0  @achi
102    @aCN@b110000
105    @ay zn 000yy
200 1  @a慢性肾盂肾炎的中西医诊断与治疗@Aman xing shen yu shen yan de zhong xi yi zhen duan yu zhi liao@f刘铜华,赵宗江主编@Fliu tong hua,zhao zong jiang zhu bian
210    @a北京@c中国医药科技出版社@d1999
215    @a183页@d19cm
225 2  @a中西医诊断与治疗丛书@v10
461  0 @12001 @a中西医诊断与治疗丛书@v10
606 0  @a中西医结合疗法@x慢性病@x肾盂肾炎
606 0  @a肾盂肾炎@x慢性病@x中西医结合疗法
606 0  @a慢性病@x肾盂肾炎@x中西医结合疗法
690    @aR692.7@v4
701  0 @a赵宗江@9zhao zong jiang@4主编
701  0 @a刘铜华@9liu tong hua@4主编
701  0 @a刘铜华@Aliu tong hua@4主编
801  0 @aCN@b北京荣雅伟业图书经销中心@c20061016
905    @aBZT@dR692.7@e1
906    @dCNY10.00@n0@r1
    
    慢性肾盂肾炎的中西医诊断与治疗/刘铜华,赵宗江主编.-北京:中国医药科技出版社,1999
    183页;19cm.-(中西医诊断与治疗丛书;10)
    
    
    ISBN 7-5067-2127-9:CNY10.00
    
●
相关链接 在五车中查询图书 在当当中查询图书 在豆瓣中查询图书


正题名:慢性肾盂肾炎的中西医诊断与治疗     索取号:R692.7/1         预约/预借

序号 登录号 条形码 馆藏地/架位号 状态 备注
1 501686   230073764   中心书库中库/ 中库012架A面4列4层30/ [索取号:R692.7/1] 在馆    
2 501687   230073765   中心书库中库/ 中库012架A面4列4层29/ [索取号:R692.7/1] 在馆    
3 501688   230073766   中心书库中库/ 中库012架A面4列4层32/ [索取号:R692.7/1] 在馆    
4 501689   230073767   中心书库中库/ 中库012架A面4列4层31/ [索取号:R692.7/1] 在馆    
5 501690   230073768   中心书库中库/ 中库012架A面4列4层27/ [索取号:R692.7/1] 在馆    
山东省滨州职业学院图书馆 欢迎您!
大连网信软件有限公司© 版权所有